00426nam a2200121Ia 4500008004100000082001700041100002800058245005300086260005100139300000800190630005300198730005300251100122s9999 xx 000 0 und d b32236a789.1 aशर्मा भ श aताल प्रकाश (क.क्र.8/2) bसंगीत कार्यालयc1905 a407 aताल प्रकाश (क.क्र.8/2) aताल प्रकाश (क.क्र.8/2)